MAMA Best Female Group - Statistics

General Stats
  • This quiz has been taken 7 times
  • The average score is 18 of 24
Answer Stats
Year Group % Correct
2010 2NE1
100%
2024 aespa
100%
2025 aespa
100%
2020 BLACKPINK
100%
2022 BLACKPINK
100%
2011 Girls' Generation
100%
2013 Girls' Generation
100%
2015 Girls' Generation
100%
2016 TWICE
100%
2018 TWICE
100%
2019 TWICE
100%
2021 TWICE
100%
2023 NewJeans
80%
2017 Red Velvet
80%
2001 S.E.S
80%
2002 S.E.S
80%
2008 Wonder Girls
80%
2009 Brown Eyed Girls
40%
2000 Fin.K.L
40%
2012 SISTAR
40%
2014 SISTAR
40%
2003 Jewelry
20%
2005 Jewelry
20%
2007 SeeYa
0%
No matching quizzes found
Score Distribution
Percent of People with Each Score
Percentile by Number Answered
Your Score History
You have not taken this quiz